Normal view
MARC view
Entry Personal Name
001 - CONTROL NUMBER
- control field: 86797
003 - CONTROL NUMBER IDENTIFIER
- control field: dpl
005 - DATE AND TIME OF LATEST TRANSACTION
- control field: 20260122120331.0
008 - FIXED-LENGTH DATA ELEMENTS
- fixed length control field: 260122|| aca||aabn | a|a d
040 ## - CATALOGING SOURCE
- Original cataloging agency: dpl
- Transcribing agency: dpl
100 ## - HEADING--PERSONAL NAME
- Personal name: Chandru, Sathya Kalaivani
670 ## - SOURCE DATA FOUND
- Source citation: Work cat.: (dpl)211693: Chandru, Sathya Kalaivani, Administration of Union and States With Special Reference to Tamil Nadu/, 2022
